[Event "13th Parsvnath Open"]
[Site "New Delhi IND"]
[Date "2015.01.15"]
[Round "9.17"]
[White "Ravi,TeS"]
[Black "Dzhumaev,M"]
[Result "1-0"]
[WhiteElo "2338"]
[BlackElo "2515"]

1.d4 Nf6 2.c4 c5 3.d5 e6 4.Nc3 exd5 5.cxd5 d6 6.Nf3 g6 7.g3 Bg7 8.Bg2 O-O
9.O-O Na6 10.h3 Nc7 11.e4 Re8 12.Re1 Bd7 13.a4 Na6 14.Nd2 Nh5 15.Nc4 Be5
16.Kh2 Qf6 17.Be3 Bd4 18.Qf3 Qe7 19.g4 Nf6 20.Bf4 Be5 21.Kg1 Nb4 22.Re2 Kg7
23.Qe3 h5 24.g5 Nh7 25.h4 f6 26.gxf6+ Nxf6 27.Bh6+ Kg8 28.Nxe5 dxe5 29.Qg3 Qf7
30.Rf1 Ng4 31.Bg5 Qg7 32.Bh3 Rf8 33.f3 Nf6 34.Bxf6 Rxf6 35.Bxd7 Qxd7 36.Qxe5 Raf8
37.Qg3 R6f7 38.Kh2 Qd8 39.e5 Rg7 40.Qg5 Qb8 41.d6 Nc6 42.Ne4 Rf5 43.Nf6+ Kf8
44.Qh6 Kf7 45.Nd7 Qe8 46.e6+ Kg8 47.e7 Kf7 48.Nf8 Ne5 49.Rxe5 Rxe5 50.Qf4+ Rf5
51.Qc4+  1-0

[Event "13th Parsvnath Open"]
[Site "New Delhi IND"]
[Date "2015.01.15"]
[Round "9.21"]
[White "Cruz,Jon"]
[Black "Shivananda,B"]
[Result "0-1"]
[WhiteElo "2454"]
[BlackElo "2305"]

1.d4 Nf6 2.c4 c5 3.d5 e6 4.Nc3 exd5 5.cxd5 d6 6.Nf3 g6 7.e4 Bg7 8.Bd3 O-O
9.h3 a6 10.a4 Nbd7 11.O-O Nh5 12.Re1 Rb8 13.Bf1 Ne5 14.g4 Nxf3+ 15.Qxf3 Nf6
16.e5 dxe5 17.Bg5 h6 18.Bh4 Re8 19.Rad1 Bd7 20.b3 Qb6 21.a5 Qxa5 22.Bxf6 Bxf6
23.Qxf6 Qxc3 24.Bd3 Rf8 25.g5 hxg5 26.h4 Bg4 27.f3 Bh5 28.hxg5 Qd4+ 29.Kg2 b5
30.Be4 Qb2+ 31.Kg3 Qxb3 32.Rd3 Qa2 33.Qxe5 c4 34.Rde3 Rbe8 35.Qf6 Qa5 36.d6 Re6
37.Qf4 Qb6 38.Rd1 Rd8 39.Bxg6 Rxg6 40.Re7 Rgxd6 41.Rh1 Qd4 42.Re4 Qh8 43.Qe3 Rf8
44.Reh4 Re6 45.Qf4 Qe5 46.Rxh5 Qxf4+ 47.Kxf4 f5 48.Rh8+ Kf7 49.R1h7+ Ke8
50.Rxf8+ Kxf8 51.Kxf5 Rc6 52.Rh8+ Kg7 53.Ra8 Rc5+ 54.Kg4 Rc7 55.f4 c3 56.f5 c2
57.f6+ Kf7  0-1

[Event "72nd ch-GEO w 2015"]
[Site "Tbilisi GEO"]
[Date "2015.01.16"]
[Round "6.3"]
[White "Kuchava,A"]
[Black "Melia,S"]
[Result "0-1"]
[WhiteElo "2122"]
[BlackElo "2473"]

1.d4 Nf6 2.Nf3 e6 3.c4 c5 4.d5 exd5 5.cxd5 d6 6.Nc3 g6 7.Qa4+ Nbd7 8.Bf4 a6
9.e4 Rb8 10.Be2 b5 11.Qc2 Qe7 12.Nd2 Bg7 13.O-O O-O 14.Rae1 Re8 15.Bg3 g5
16.a4 c4 17.Nf3 Nh5 18.Qd2 Nxg3 19.hxg3 Nc5 20.axb5 axb5 21.Qxg5 Qxg5 22.Nxg5 h6
23.Nf3 b4 24.Nd1 c3 25.bxc3 bxc3 26.Ne3 Nxe4 27.Rc1 Nxg3 28.Rfe1 Nxe2+ 29.Rxe2 Bg4
30.Rec2 Bd7 31.Rxc3 Bxc3 32.Rxc3 Rec8 33.Ra3 Ra8 34.Rd3 Ra2 35.Rd2 Rxd2 36.Nxd2 Kf8
37.Kh2 Ke7 38.Kg3 Rb8 39.Ndc4 Rb4 40.Kf3 Rb1 41.g4 Rg1 42.Kf4 Bc8 43.Nb6 Bd7
44.Nbc4 Rh1 45.Kg3 Ra1 46.Kf3 Ra6 47.Nd2 Kf6 48.Nec4 Bb5 49.Ne4+ Ke7 50.Ne3 Bd7
51.Kg3 Ra4 52.Nd2 Rd4 53.Nf3 Rd3 54.Kf4 Kf6 55.Kg3 Bc8 56.Kf4 Bb7 57.Ke4 Ra3
58.Nd4 Ba6 59.Kf4 Ra4 60.Ke4 Be2 61.f4 h5 62.gxh5 Bxh5 63.Kd3 Ke7 64.Nc4 Bg6+
65.f5 Bh5 66.Nc6+ Kf8 67.Nxd6 Bf3 68.Nd4 Bxd5 69.Ke3 Ra6 70.N6b5 Bc4 71.Nc3 Ra3
72.Kd2 Kg7 73.Nc2 Ra8 74.Ke3 Rh8 75.Kd4 Rh4+ 76.Ne4 Ba2 77.Na3 f6 78.Nb5 Bb1
79.Nd6 Bxe4 80.Nxe4 Rf4 81.Ke3 Rxf5 82.Kd4  0-1

[Event "ch-CRO 2015"]
[Site "Opatija CRO"]
[Date "2015.01.19"]
[Round "9.3"]
[White "Kozul,Z"]
[Black "Cvitan,O"]
[Result "1-0"]
[WhiteElo "2631"]
[BlackElo "2526"]

1.d4 Nf6 2.c4 e6 3.Nf3 c5 4.d5 d6 5.Nc3 exd5 6.cxd5 g6 7.Bf4 Bg7 8.h3 O-O
9.e3 Na6 10.Bc4 Nc7 11.a4 a6 12.O-O Rb8 13.a5 b5 14.axb6 Rxb6 15.Ra2 Re8
16.Re1 Rb4 17.Qd3 Ne4 18.Nxe4 Rxe4 19.Qxe4 Bf5 20.Bg5 f6 21.Bxf6 Qxf6 22.Qf4 g5
23.Nxg5 Rxc4 24.Qxc4 Qxg5 25.Kh2 Bd7 26.e4 h5 27.Qc1 Be5+ 28.g3 Qh4 29.b4 Ne8
30.Kg1 Qxh3 31.Qg5+ Ng7 32.bxc5 Bg4 33.Re3 Bd4 34.cxd6 Bxe3 35.Qxe3 h4 36.Rxa6 Bd7
37.Qg5 hxg3 38.fxg3  1-0

[Event "ch-IRI 2015"]
[Site "Mashhad IRI"]
[Date "2015.01.21"]
[Round "2.8"]
[White "Maghsoodloo,Parham"]
[Black "Pilvaieh,A"]
[Result "0-1"]
[WhiteElo "2421"]
[BlackElo "2075"]

1.d4 Nf6 2.Nf3 c5 3.d5 e6 4.c4 exd5 5.cxd5 d6 6.Nc3 g6 7.e4 a6 8.a4 Bg4 9.Qb3 Bxf3
10.Qxb7 Nbd7 11.gxf3 Bg7 12.Qc6 O-O 13.Qxd6 Nh5 14.Bh3 f5 15.Qe6+ Kh8 16.d6 Re8
17.Qd5 Qh4 18.Bg2 Rab8 19.Qd2 Bd4 20.Rg1 f4 21.Ne2 Be5 22.Ra3 c4 23.Nd4 Rb6
24.b3 Rxd6 25.Bb2 Qf6 26.Ke2 Nc5 27.Rd1 Nxb3 28.Rxb3 cxb3 29.Qa5 Bxd4 30.Rxd4 Rxd4
31.Bc3 Ng7 32.Bh3 Qd6  0-1

[Event "Vladimir Dvorkovich Mem"]
[Site "Taganrog RUS"]
[Date "2015.01.22"]
[Round "5.5"]
[White "Volkov,Sergey1"]
[Black "Gabrielian,A"]
[Result "1/2-1/2"]
[WhiteElo "2618"]
[BlackElo "2554"]

1.d4 Nf6 2.c4 c5 3.d5 e6 4.Nc3 exd5 5.cxd5 d6 6.Nf3 g6 7.Nd2 Bg7 8.e4 O-O
9.Be2 Re8 10.O-O Nbd7 11.a4 Ne5 12.Re1 Bg4 13.f3 Bd7 14.Nf1 h5 15.Bg5 Qb6
16.Qc2 Nh7 17.Be3 f5 18.Bb5 Bxb5 19.axb5 fxe4 20.Nxe4 Rad8 21.b4 Qxb5 22.bxc5 Qc4
23.Qb1 dxc5 24.Rxa7 Qxd5 25.Nxc5 Ng5 26.Kh1 Ngxf3 27.Rc1 Ng4 28.Qxb7 Qxb7
29.Nxb7 Rd7 30.Bc5 Nd4 31.Nd6 Nf2+ 32.Kg1 Rf8 33.Re1 Nh3+ 34.Kh1 Nf2+ 35.Kg1 Nh3+
36.Kh1 Nf2+  1/2-1/2

[Event "Fraubundesliga 2014-15"]
[Site "Germany GER"]
[Date "2015.01.24"]
[Round "6.1"]
[White "Szczepkowska Horowska,K"]
[Black "Paehtz,E"]
[Result "1/2-1/2"]
[WhiteElo "2377"]
[BlackElo "2467"]

1.d4 Nf6 2.c4 c5 3.d5 e6 4.Nc3 exd5 5.cxd5 d6 6.Nf3 g6 7.Nd2 Nbd7 8.e4 Bg7
9.Be2 O-O 10.O-O a6 11.a4 b6 12.Nc4 Qe7 13.Qc2 Rb8 14.Bf4 Ne8 15.h3 Bd4 16.Bh6 Ng7
17.Bf4 Ne5 18.Rae1 b5 19.axb5 axb5 20.Na5 Bd7 21.Nb3 b4 22.Nxd4 cxd4 23.Bxe5 dxe5
24.Nb1 b3 25.Qd2 f5 26.exf5 Nxf5 27.Bd3 Bb5 28.Na3 Bxd3 29.Qxd3 Rfe8 30.Re4 Nd6
31.Re2 Qf7 32.Nc4 Qxd5 33.Nxd6 Qxd6 34.Rfe1 Qf6  1/2-1/2

[Event "Turkish Cup 2015"]
[Site "Manavgat TUR"]
[Date "2015.01.31"]
[Round "1.54"]
[White "Atabay,Mesut"]
[Black "Kirali,M"]
[Result "0-1"]
[WhiteElo "1666"]
[BlackElo "1961"]

1.d4 Nf6 2.c4 e6 3.Nf3 c5 4.d5 exd5 5.cxd5 d6 6.Nc3 g6 7.e4 Bg7 8.Bb5+ Nfd7
9.Bf4 Qe7 10.O-O O-O 11.Re1 a6 12.Bd3 b5 13.Qd2 Bb7 14.Bh6 Ne5 15.Nxe5 Qxe5
16.Bf4 Qe7 17.Bg5 Bf6 18.Bxf6 Qxf6 19.Qh6 Nd7 20.Re3 Ne5 21.Be2 Rae8 22.f4 Nd7
23.Rf1 b4 24.e5 Qg7 25.Qxg7+ Kxg7 26.Ne4 Bxd5 27.Nxd6 Ra8 28.Bc4 Nb6 29.Bxd5 Nxd5
30.Rd3 Ne7 31.Rc1 a5 32.Rxc5 Ra7 33.Rd4 h5 34.Rdc4 Kg8 35.Kf2 Rd8 36.Rc7 Rd7
37.Rxa7 Rxa7 38.Kf3 Nd5 39.Ke4 Nb6 40.Rc6 Na4 41.Nb5 Rd7 42.Rd6 Rb7 43.Rd8+ Kh7
44.Nd6 Re7 45.Kd4 Nxb2 46.Ra8 a4 47.Nc4 Rd7+ 48.Nd6 f6 49.Ke4 fxe5 50.fxe5 Rc7
51.e6 Re7 52.Kd5 Nd3 53.Re8 Nf4+ 54.Ke5 Rxe8 55.Nxe8 Nxe6 56.Kxe6 b3 57.Nf6+ Kh6
58.axb3 a3 59.Ng8+ Kg7 60.Nf6 a2 61.Ne8+ Kf8 62.Nc7 a1=Q  0-1

[Event "Turkish Cup 2015"]
[Site "Manavgat TUR"]
[Date "2015.02.02"]
[Round "4.78"]
[White "Kaplan,Bahadir"]
[Black "Karatas,Kursat"]
[Result "1-0"]
[WhiteElo "1935"]
[BlackElo "1743"]

1.d4 Nf6 2.c4 c5 3.d5 e6 4.Nc3 exd5 5.cxd5 d6 6.Nf3 g6 7.Bf4 a6 8.a4 Bg7
9.h3 O-O 10.e3 Qc7 11.Be2 Nbd7 12.O-O Rb8 13.Nd2 Ne5 14.Bh2 Qe7 15.f4 Ned7
16.e4 Ne8 17.Re1 Bd4+ 18.Kh1 Bf2 19.Rf1 Bd4 20.Bd3 b6 21.Re1 Qf6 22.Qc2 Qg7
23.Nf3 Bf6 24.e5 Be7 25.f5 gxf5 26.exd6 Bf6 27.Bxf5 Kh8 28.Re4 Bxc3 29.Rg4 Qf6
30.bxc3 Nxd6 31.Bxd7  1-0

[Event "37th Bulgarian Open 2015"]
[Site "Plovdiv BUL"]
[Date "2015.02.04"]
[Round "5.20"]
[White "Danov,Radi"]
[Black "Gheorghiu,C"]
[Result "1-0"]
[WhiteElo "2159"]
[BlackElo "2378"]

1.d4 e6 2.c4 Nf6 3.Nf3 c5 4.d5 exd5 5.cxd5 d6 6.Nc3 g6 7.h3 Bg7 8.e4 O-O
9.Bd3 Re8 10.O-O Na6 11.Re1 Nc7 12.a4 Rb8 13.Bf4 a6 14.a5 b5 15.axb6 Rxb6
16.Qc1 Bd7 17.Rb1 Bb5 18.Bc2 Nd7 19.Na4 Bxa4 20.Bxa4 Nb5 21.Qd2 Qb8 22.Qd3 Ne5
23.Bxe5 Bxe5 24.Nd2 Qd8 25.b4 cxb4 26.Rxb4 Bc3 27.Rc4 Bxd2 28.Qxd2 Qf6 29.Rec1 Reb8
30.Qe3 Kg7 31.f4 R6b7 32.e5 Qe7 33.Re1 Nc7 34.Qd4 Kg8 35.Rec1 Rb1 36.Kh2 R1b7
37.Rc6 Rb4 38.Rxc7 Rxd4 39.Rxe7 Rxa4 40.exd6 Kf8 41.Rcc7 Rxf4 42.Re2 Rd8
43.d7 Rb4 44.Rc8 Rb8 45.Re8+  1-0

[Event "CJKS-Prime GM 2015"]
[Site "Chittagong BAN"]
[Date "2015.02.05"]
[Round "1.1"]
[White "Akshat,Kh"]
[Black "Abu Sufian,S"]
[Result "0-1"]
[WhiteElo "2415"]
[BlackElo "2352"]

1.d4 Nf6 2.c4 c5 3.d5 e6 4.Nc3 exd5 5.cxd5 d6 6.Nf3 g6 7.Bf4 a6 8.a4 Bg7
9.h3 O-O 10.e3 Ne8 11.Be2 Nd7 12.O-O Rb8 13.Bh2 f5 14.Nd2 Qe7 15.Nc4 Ne5
16.Nb6 g5 17.Qd2 g4 18.f4 gxf3 19.gxf3 Qh4 20.f4 Nd7 21.Nxc8 Rxc8 22.Rf3 Qe7
23.Qc2 c4 24.e4 fxe4 25.Nxe4 Nc5 26.Ng5 Nf6 27.f5 Nxd5 28.f6 Nxf6 29.Bxc4+ Kh8
30.Qf5 Rc6 31.Bd5 Rb6 32.Raf1 Rxb2 33.Bf4 h6 34.Re3 Qd7 35.Ne6 Nxd5 36.Qxd5 Nxe6
37.Rxe6 Qxa4 38.Rxh6+ Bxh6 39.Be5+ dxe5 40.Qxe5+ Kh7 41.Qe7+ Bg7  0-1

[Event "Turkish Cup 2015"]
[Site "Manavgat TUR"]
[Date "2015.02.05"]
[Round "9.48"]
[White "Saba,Zafer Rabin"]
[Black "Sat,Eray"]
[Result "1-0"]
[WhiteElo "1885"]
[BlackElo "1850"]

1.d4 Nf6 2.c4 c5 3.d5 e6 4.Nc3 exd5 5.cxd5 d6 6.Nf3 g6 7.Bf4 a6 8.a4 Bg7
9.h3 O-O 10.e3 Qe7 11.Nd2 Nfd7 12.Be2 Ne5 13.O-O Nbd7 14.Bg3 f5 15.Qc2 Nf6
16.f4 Ned7 17.Nc4 Rb8 18.Bf2 b6 19.Bf3 Re8 20.Rfe1 Ne4 21.Bxe4 fxe4 22.Nd2 Bxc3
23.bxc3 b5 24.axb5 axb5 25.Ra7 Rb7 26.Rxb7 Bxb7 27.Rb1 Bxd5 28.Rxb5 Bc6 29.Ra5 Rb8
30.Ra7 Qe6 31.c4 Rb7 32.Ra8+ Rb8 33.Rxb8+ Nxb8 34.Qb2 Na6 35.Qb6 Nb4 36.Qd8+ Kg7
37.Bh4 Kf7 38.g4 Nd3 39.Qh8 h5 40.Qh7+ Ke8 41.f5 gxf5 42.gxf5 Qf7 43.Qh8+ Qf8
44.Qxh5+ Qf7 45.Qg5 Kf8 46.Qd8+ Kg7 47.Qxd6 Bd7 48.f6+ Kh8 49.Nxe4 Bf5 50.Ng5 Qe8
51.e4  1-0

[Event "Turkish Cup 2015"]
[Site "Manavgat TUR"]
[Date "2015.02.05"]
[Round "9.35"]
[White "Temizkan,D"]
[Black "Aydincelebi,Kagan"]
[Result "1/2-1/2"]
[WhiteElo "2010"]
[BlackElo "1865"]

1.d4 Nf6 2.c4 c5 3.d5 e6 4.Nc3 exd5 5.cxd5 d6 6.Nf3 g6 7.e4 a6 8.a4 Bg4 9.Bd3 Bg7
10.Bf4 O-O 11.O-O Qe7 12.h3 Bxf3 13.Qxf3 Nbd7 14.Qe2 Nh5 15.Bh2 Bd4 16.Kh1 Rfe8
17.Rae1 Qf6 18.Bb1 Be5 19.Qe3 Qh4 20.f4 Bd4 21.Qf3 g5 22.e5 gxf4 23.e6 Ne5
24.Qe4 Ng6 25.Re2 Be5 26.Qf3 f6 27.Ne4 b5 28.a5 Kg7 29.Bc2 Rac8 30.Bb1 Rb8
31.b3 Rbc8 32.Bd3 Re7 33.Nd2 Rec7 34.Qe4 Ng3+ 35.Bxg3 Qxg3 36.Nf3 c4 37.bxc4 bxc4
38.Bc2 c3 39.Rb1 Kh8 40.Rb6 Nh4 41.Nxh4 Qxh4 42.Qf5 Qg3 43.Qg4 Qxg4 44.hxg4 Kg7
45.Rxa6 Rb8 46.Rb6 Rxb6 47.axb6 Rb7 48.Re1 Rxb6 49.Rb1 Rb2 50.Rxb2 cxb2 51.Kg1 Bd4+
52.Kf1 Be3 53.Ke2 Bc1 54.Kf3 h6 55.Ke4 Kf8 56.Kf5 Ke7 57.Ke4 Kf8  1/2-1/2

[Event "Turkish Cup 2015"]
[Site "Manavgat TUR"]
[Date "2015.02.06"]
[Round "10.31"]
[White "Akdogan,Alperen"]
[Black "Ozbilici,Abdullah"]
[Result "1-0"]
[WhiteElo "1951"]
[BlackElo "1841"]

1.d4 Nf6 2.c4 e6 3.Nf3 c5 4.d5 exd5 5.cxd5 d6 6.Nc3 g6 7.Bf4 a6 8.a4 Bg7
9.h3 O-O 10.e3 Re8 11.Nd2 Nh5 12.Bh2 Be5 13.Bxe5 Rxe5 14.Nc4 Re7 15.Be2 Ng7
16.O-O Qc7 17.e4 Nd7 18.f4 f6 19.Qb3 b6 20.Bg4 f5 21.e5 Ne8 22.Bf3 Rb8 23.Rae1 Kf8
24.exd6 Nxd6 25.Rxe7 Kxe7 26.Re1+ Kf8 27.Re6 Nxc4 28.Qxc4 b5 29.Nxb5 axb5
30.Qc3 Kf7 31.d6 Qd8 32.Bd5  1-0

[Event "Turkish Cup 2015"]
[Site "Manavgat TUR"]
[Date "2015.02.07"]
[Round "11.137"]
[White "Evin,Abdulkerim"]
[Black "Gunes,Adem"]
[Result "0-1"]
[WhiteElo "1476"]
[BlackElo "1695"]

1.d4 c5 2.d5 e6 3.c4 Nf6 4.Nf3 exd5 5.cxd5 d6 6.Nc3 a6 7.e4 b5 8.e5 dxe5
9.Nxb5 axb5 10.Bxb5+ Bd7 11.Bc4 Bd6 12.O-O O-O 13.Re1 Bg4 14.Qb3 Qc7 15.Bg5 Nbd7
16.Bb5 Rab8 17.a4 e4 18.Nd2 Bxh2+ 19.Kf1 Bf4 20.Bxf6 Bxd2 21.Rxe4 Nxf6 22.Rc4 Qh2
23.Rxg4 Nxg4 24.Qh3 Qf4 25.Qg3 Ne3+ 26.Kg1 Nxd5 27.Qxf4 Nxf4 28.b3 Rfd8  0-1

[Event "Turkish Cup 2015"]
[Site "Manavgat TUR"]
[Date "2015.02.07"]
[Round "11.1"]
[White "Haznedaroglu,K"]
[Black "Arat,Uf"]
[Result "1/2-1/2"]
[WhiteElo "2437"]
[BlackElo "2374"]

1.d4 Nf6 2.c4 e6 3.Nf3 c5 4.d5 exd5 5.cxd5 d6 6.Nc3 g6 7.Bf4 a6 8.a4 Bg7
9.e3 O-O 10.h3 Qe7 11.Be2 Nbd7 12.O-O Rb8 13.Re1 Nh5 14.Bh2 f5 15.Nd2 Nhf6
16.Nc4 Ne8 17.a5 Ne5 18.Na4 Bd7 19.Nab6 Nxc4 20.Nxc4 Bb5 21.Qc2 Bxc4 22.Bxc4 Nf6
23.Rab1 Rbe8 24.Bd3 Nd7 25.Qd2 Ne5 26.Bf1 Nd7 27.Bd3 Ne5 28.Bf1 Nd7 29.Bd3 Ne5  1/2-1/2

[Event "37th Bulgarian Open 2015"]
[Site "Plovdiv BUL"]
[Date "2015.02.07"]
[Round "8.19"]
[White "Marjanovic,Dej"]
[Black "Danov,Radi"]
[Result "0-1"]
[WhiteElo "2348"]
[BlackElo "2159"]

1.d4 Nf6 2.c4 c5 3.d5 e6 4.Nc3 exd5 5.cxd5 d6 6.Nf3 g6 7.Qa4+ Nbd7 8.e4 Bg7
9.Be2 O-O 10.O-O a6 11.Qc2 b5 12.Bf4 Qe7 13.Nd2 Ne5 14.Rae1 Re8 15.Bg3 c4
16.h3 Rb8 17.f4 Ned7 18.Bf3 Nc5 19.e5 Bf5 20.Qd1 Nfd7 21.Nde4 Bxe4 22.Nxe4 Nxe4
23.Bxe4 dxe5 24.d6 Qf8 25.Bd5 exf4 26.Bxf4 Rxe1 27.Rxe1 Re8 28.Bc6 Rxe1+
29.Qxe1 Nc5 30.Bd5 Nd3 31.Qe4 Bxb2 32.Bg5 Ne5 33.Be7 Qc8 34.Kh2 Kg7 35.Qh4 Qf5
36.Bg5 h5 37.Be4 Ng4+ 38.Qxg4 Be5+ 39.Kg1 Bd4+ 40.Kh2 Qf1 41.Qf3 Bg1+ 42.Kg3 Qe1+
43.Kf4 Qd2+  0-1

[Event "75th Noteboom Open"]
[Site "Leiden NED"]
[Date "2015.02.13"]
[Round "1.7"]
[White "Schroer,M"]
[Black "Werle,J"]
[Result "0-1"]
[WhiteElo "2228"]
[BlackElo "2511"]

1.d4 Nf6 2.c4 c5 3.d5 e6 4.Nc3 exd5 5.cxd5 d6 6.Nf3 g6 7.Bf4 a6 8.a4 Nh5
9.Bg5 f6 10.Bh4 g5 11.Bg3 f5 12.e3 Be7 13.Nd2 Ng7 14.Be2 O-O 15.h3 Nd7 16.a5 f4
17.exf4 gxf4 18.Bh2 Ne5 19.Nf3 Ng6 20.Qd2 b5 21.axb6 Qxb6 22.O-O Bf6 23.Ra2 Ra7
24.Ne4 Be5 25.Rfa1 Nf5 26.Nxe5 dxe5 27.Qa5 Qxa5 28.Rxa5 Nd4 29.Bc4 Nh4 30.Rxc5 Rg7
31.g4 Bf5 32.Nd6 Bd7 33.Rxa6 h5 34.Ne4 hxg4 35.Nf6+ Rxf6 36.Rxf6 g3 37.d6+ Kh7
38.fxg3 fxg3 39.Bxg3 Rxg3+ 40.Kf2 Rg2+ 41.Ke1 Nhf3+ 42.Kf1 Bxh3 43.Rc7+ Rg7+
44.Kf2 Ng5 45.Bd5 Bd7 46.Rf8 Nde6 47.Ra8 Nxc7 48.dxc7 Kg6 49.c8=Q Bxc8 50.Rxc8  0-1

[Event "75th Noteboom Open"]
[Site "Leiden NED"]
[Date "2015.02.15"]
[Round "6.12"]
[White "Thakoerdien,Jerrel"]
[Black "Werle,J"]
[Result "0-1"]
[WhiteElo "2148"]
[BlackElo "2511"]

1.d4 Nf6 2.Nf3 e6 3.c4 c5 4.d5 exd5 5.cxd5 d6 6.Nc3 g6 7.Nd2 Bg7 8.e4 O-O
9.Be2 Nbd7 10.O-O Ne5 11.Qc2 a6 12.a4 Re8 13.Ra3 Rb8 14.f4 Neg4 15.Nf3 c4
16.Bxc4 Qb6+ 17.Kh1 Nxe4 18.Nxe4 Bf5 19.Bd3 Rbc8 20.Qb3 Qxb3 21.Rxb3 Bxe4
22.Bxe4 Rxe4 23.Rxb7 Rxa4 24.Bd2 Ra2 25.h3 Nf6 26.Ng5 h6 27.Nxf7 Ne4 28.Re1 Nxd2
29.Nxd6 Rf8 30.Ree7 Bf6 31.Re6 Ra1+ 32.Kh2 Nf1+ 33.Kh1 Ne3+ 34.Kh2 Nxd5 35.Ne8 Ra5
36.Rd7 Be7 37.Nd6 Rxf4 38.Rxg6+ Kf8 39.Rxh6 Nf6 40.Ra7 Bxd6 41.Rh8+ Ng8 42.Ra8+ Ke7
43.Rhxg8 Rf8+  0-1

[Event "ch-CYP Closed 2015"]
[Site "Nicosia CYP"]
[Date "2015.02.15"]
[Round "4"]
[White "Hadjiyiannis,C"]
[Black "Antoniou,A"]
[Result "0-1"]
[WhiteElo "2005"]
[BlackElo "2168"]

1.d4 c5 2.Nf3 Nf6 3.d5 d6 4.c4 e6 5.Nc3 exd5 6.cxd5 Be7 7.e4 O-O 8.Be2 Re8
9.O-O Bf8 10.Nd2 b6 11.f3 Nfd7 12.Bb5 Bb7 13.Nc4 a6 14.Bxd7 Nxd7 15.Bf4 Qf6
16.Qd2 b5 17.Na5 Bc8 18.Nc6 Ne5 19.Rad1 Nc4 20.Qc1 Nxb2 21.Bg5 Qg6 22.f4 Nxd1
23.Rxd1 f6 24.Bh4 b4 25.Na4 Bg4 26.f5 Qh5 27.Rf1 Qxh4 28.Rf4 Qh5 29.h3 Be2
30.Qe3 Bb5 31.g4 Qh6 32.Nb6 g5 33.fxg6 Qxg6 34.h4 Bxc6 35.dxc6 Bh6 36.c7 Bxf4
37.Qxf4 Rac8 38.Nd5 Re6 39.h5 Qg5 40.Qf5 Qxf5 41.exf5 Re2 42.Nxf6+ Kg7 43.g5 h6  0-1

[Event "Graz Open A 2015"]
[Site "Graz AUT"]
[Date "2015.02.19"]
[Round "8.14"]
[White "Bellia,F"]
[Black "Kurmann,O"]
[Result "1-0"]
[WhiteElo "2405"]
[BlackElo "2437"]

1.d4 Nf6 2.c4 e6 3.Nc3 c5 4.d5 exd5 5.cxd5 d6 6.Nf3 g6 7.Bf4 a6 8.a4 Bg7
9.h3 O-O 10.e3 Ne8 11.Be2 Nd7 12.O-O Rb8 13.a5 b5 14.axb6 Rxb6 15.Qc2 Qe7
16.Nd2 Ne5 17.Ra3 Nc7 18.Rb3 Rb4 19.Na2 Ra4 20.Nc3 Rb4 21.Na2 Bf5 22.e4 Rxb3
23.Qxb3 Bd7 24.Qb7 Bc8 25.Qb3 f5 26.exf5 Bxf5 27.Bg3 Nb5 28.Qe3 Nd4 29.Bd1 Qb7
30.Nc3 Qxb2 31.Bxe5 dxe5 32.Nde4 Qb4 33.Be2 c4 34.Rb1 Nb3 35.d6 Be6 36.Qa7 Qa5
37.Ng5 Bd5 38.Nxd5 Qxd5 39.Qc7 Nc5 40.Rc1 Rf4 41.d7 Bf6 42.Qc8+ Kg7 43.Qxc5 Qxd7
44.Qc7  1-0

[Event "Nebesna sotnya Mem Blitz"]
[Site "Lutsk UKR"]
[Date "2015.02.20"]
[Round "4.7"]
[White "Razin,V"]
[Black "Gerasimenyk,M"]
[Result "0-1"]
[WhiteElo "2341"]
[BlackElo "2174"]

1.d4 c5 2.d5 Nf6 3.c4 e6 4.Nc3 exd5 5.cxd5 d6 6.Nf3 g6 7.g3 Bg7 8.Bg2 O-O
9.O-O Re8 10.Bf4 a6 11.a4 h6 12.Re1 g5 13.Bd2 Nbd7 14.h4 g4 15.Nh2 Ne5 16.b3 Rb8
17.a5 Bd7 18.Nf1 Nh5 19.Ne3 f5 20.Nc4 Qf6 21.Qc1 Nxc4 22.bxc4 f4 23.gxf4 Qxh4
24.Ne4 Rxe4 25.Bxe4 g3 26.fxg3 Qxg3+ 27.Kh1 Qh3+ 28.Kg1 Qg3+ 29.Kh1 Qh3+
30.Kg1 Bxa1 31.Qxa1 Kf7 32.Kf2 Qg3+  0-1

[Event "13th TCh-IND w 2015"]
[Site "Goa IND"]
[Date "2015.02.23"]
[Round "4"]
[White "Sangeetha,P"]
[Black "Soumya,Sw"]
[Result "0-1"]
[WhiteElo "1708"]
[BlackElo "2346"]

1.d4 Nf6 2.c4 c5 3.d5 e6 4.Nc3 exd5 5.cxd5 d6 6.Nf3 g6 7.e4 Bg7 8.h3 O-O
9.Bd3 a6 10.a4 Nbd7 11.Bf4 Re8 12.O-O Nh5 13.Bh2 Qc7 14.Re1 b6 15.Qd2 Bb7
16.Bc4 Rad8 17.g4 Nhf6 18.Bf4 h5 19.g5 Nh7 20.Bg3 Bc8 21.Kg2 Ne5 22.Nxe5 Bxe5
23.f4 Bd4 24.Qd3 Qd7 25.Bh2 Qb7 26.Re2 Re7 27.Bg1 Bg7 28.Rf1 Rde8 29.Bh2 Qd7
30.Ra1 Kh8 31.e5 dxe5 32.d6 Bb7+ 33.Ne4 Re6 34.Bxe6 Rxe6 35.Kf1 Bxe4 36.Qxe4 Rxd6
37.fxe5 Qxh3+ 38.Qg2 Qxg2+ 39.Rxg2 Rd4 40.a5 b5 41.Re1 Nf8 42.Bg1 Rd5 43.Rc2 Ne6
44.b4 c4 45.Rcc1 Nf4 46.Rcd1 Nd3 47.Re3 Bf8 48.e6 fxe6 49.Rxe6 Rf5+ 50.Bf2 Rxf2+
51.Kg1 Rf5 52.Rxg6 Bxb4 53.Rxa6 Bc5+ 54.Kh2 Bd4 55.g6 Kg7 56.Rb1 c3 57.Rc6 Rf2+
58.Kg3 c2 59.Rh1 Be5+ 60.Kh3 Bf4 61.a6 c1=Q 62.Rhxc1 Rh2+  0-1

[Event "ch-CHI 2015"]
[Site "Santiago CHI"]
[Date "2015.02.23"]
[Round "4.1"]
[White "Salinas Herrera,P"]
[Black "Olivares Olivares,C"]
[Result "1-0"]
[WhiteElo "2440"]
[BlackElo "2294"]

1.d4 Nf6 2.c4 c5 3.d5 e6 4.Nc3 exd5 5.cxd5 d6 6.Nf3 g6 7.Bf4 a6 8.e4 b5 9.Bd3 Bg7
10.O-O O-O 11.h3 c4 12.Bc2 b4 13.Na4 a5 14.Re1 Ba6 15.Rc1 Ra7 16.Be3 Rb7
17.Bb1 Nfd7 18.Nd2 Rc7 19.f4 Bb5 20.b3 c3 21.Nf3 Rc8 22.Nd4 Bxa4 23.bxa4 Nb6
24.Bc2 Nc4 25.Bf2 Qf6 26.g3 Qd8 27.h4 Qd7 28.Qe2 Qh3 29.Nb5 Nd7 30.Qf1 Qxf1+
31.Kxf1 Nc5 32.Kg2 Rfd8 33.Na7 Ra8 34.Nc6 Re8 35.e5 Nb7 36.Bd3 Na3 37.g4 Bh6
38.g5 Bf8 39.h5 dxe5 40.fxe5 Bc5 41.Bg3 Nd8 42.hxg6 hxg6 43.Nxd8 Rexd8 44.d6 Rac8
45.Re4 c2 46.Ba6 Rb8 47.Bc4 Nxc4 48.Rxc4 Be3 49.R1xc2 Bxg5 50.Rc5 Ra8 51.e6 Be3
52.e7 Re8 53.Re5 Bd4 54.Re4  1-0

[Event "ch-CHI 2015"]
[Site "Santiago CHI"]
[Date "2015.02.28"]
[Round "9.4"]
[White "Valenzuela Gomez,F"]
[Black "Olivares Olivares,C"]
[Result "1-0"]
[WhiteElo "2261"]
[BlackElo "2294"]

1.d4 Nf6 2.c4 c5 3.d5 e6 4.Nc3 exd5 5.cxd5 d6 6.Nf3 g6 7.h3 Bg7 8.Bf4 O-O
9.e3 a6 10.a4 Qe7 11.Nd2 Nbd7 12.Be2 Ne5 13.a5 Rb8 14.O-O Ne8 15.Qb3 Nc7
16.Rfe1 Bf5 17.Bh2 g5 18.Na4 Bd7 19.Nb6 Bb5 20.Rac1 Kh8 21.Ndc4 Rbd8 22.Na3 Qe8
23.Qd1 Qe7 24.Qb3 Qe8 25.Qd1 f5 26.Qd2 Qf7 27.f4 gxf4 28.Bxf4 Rg8 29.Kh1 Bf6
30.Rcd1 Rg7 31.Rg1 Rdg8 32.b3 Qe7 33.Nac4 Bxc4 34.Nxc4 Nxc4 35.bxc4 Be5 36.Rdf1 Ne8
37.Bd3 Rf7 38.Rf2 Ng7 39.Qe2 Qh4 40.g3 Qf6 41.Rfg2 Re7 42.Qf3 Rge8 43.Bxe5 Rxe5
44.Re2 Qh6 45.Rge1 Qxh3+ 46.Rh2 Qg4 47.Qxg4 fxg4 48.Bxh7 Rh5 49.Rxh5 Nxh5
50.Bg6 Re5 51.Bxh5 Rxh5+ 52.Kg2 Re5 53.e4 Kg7 54.Kf2 Rh5 55.Ke3 Rh2 56.Rb1 Rc2
57.Rxb7+ Kf6 58.Rd7 Kg5 59.Rg7+ Kf6 60.Rxg4 Rc3+ 61.Kf4 Rxc4 62.Rg8 Rc1 63.Rf8+ Ke7
64.Ra8 Rf1+ 65.Kg4 Re1 66.Kf5 Rf1+ 67.Kg5 c4 68.Ra7+ Ke8 69.Rxa6 c3 70.Rc6 c2
71.Rxc2 Ra1 72.Kf6 Kd7 73.Rb2 Rxa5 74.Rb7+ Kc8 75.Re7 Ra3 76.g4 Rg3 77.g5 Kd8
78.Ra7 Rf3+ 79.Ke6  1-0

[Event "TCh-CZE 1 Liga Zapad"]
[Site "Prague CZE"]
[Date "2015.03.01"]
[Round "9.7"]
[White "Forman,S"]
[Black "Blazek,Ji1"]
[Result "1-0"]
[WhiteElo "2272"]
[BlackElo "2182"]

1.d4 Nf6 2.c4 c5 3.d5 e6 4.Nc3 exd5 5.cxd5 d6 6.Nf3 g6 7.Bf4 a6 8.a4 Bg7
9.e4 O-O 10.Be2 Bg4 11.O-O Bxf3 12.Bxf3 Re8 13.Re1 Qc7 14.e5 dxe5 15.d6 Qd7
16.Bxe5 Nc6 17.Bxc6 Qxc6 18.Qd3 Re6 19.Bg3 Rae8 20.Red1 c4 21.Qf3 Qxf3 22.gxf3 Nd7
23.a5 f5 24.Ra4 g5 25.f4 Bxc3 26.bxc3 gxf4 27.Bxf4 Re4 28.Be3 f4 29.Bd4 f3
30.h3 R8e6 31.Kh2 Rxd6 32.Rg1+ Rg6 33.Rxg6+ hxg6 34.Rxc4 Ne5 35.Rc8+ Kf7
36.Rc7+ Ke8 37.Rxb7 Nc6 38.Rb6 Nxa5 39.Kg3 Kf7 40.Rf6+ Ke7 41.Rxa6 Nb3 42.Kxf3  1-0

[Event "39th Blackpool Conference"]
[Site "Blackpool ENG"]
[Date "2015.03.07"]
[Round "3.8"]
[White "Mazek,M"]
[Black "Walker,Da"]
[Result "0-1"]
[WhiteElo "2071"]
[BlackElo "2294"]

1.d4 Nf6 2.Nf3 c5 3.d5 d6 4.c4 e6 5.Nc3 exd5 6.cxd5 g6 7.e4 a6 8.a4 Bg4 9.Qb3 Bxf3
10.Qxb7 Nbd7 11.gxf3 Bg7 12.Bf4 Rb8 13.Qxa6 Nh5 14.Bc1 O-O 15.Qe2 f5 16.h4 fxe4
17.fxe4 Ne5 18.Bg2 c4 19.Bg5 Bf6 20.Kf1 Bxg5 21.hxg5 Ng3+ 22.Ke1 Nh5 23.Rh3  0-1

[Event "47th Belgrade WGM 2015"]
[Site "Belgrade SRB"]
[Date "2015.03.11"]
[Round "9.2"]
[White "Kharmunova,N"]
[Black "Chelushkina,I"]
[Result "0-1"]
[WhiteElo "2173"]
[BlackElo "2274"]

1.d4 Nf6 2.c4 e6 3.Nf3 c5 4.d5 exd5 5.cxd5 d6 6.Nc3 g6 7.g3 Bg7 8.Bg2 O-O
9.O-O Na6 10.Nd2 Nd7 11.Nb5 Nb6 12.Ne4 Bd7 13.Nexd6 Nc8 14.a4 Nxd6 15.Nxd6 Bxa4
16.Qxa4 Qxd6 17.e4 Nb4 18.Bf4 Qb6 19.Qb3 Qb5 20.Bd2 a5 21.Rfc1 a4 22.Qa3 Qe2
23.Bc3 Nc2 24.Rxc2 Qxc2 25.e5 b5 26.Qxc5 Bxe5 27.Qxb5 Bxc3 28.bxc3 a3 29.d6 Rab8  0-1